[Event "Kemerovo1"]
[Site "Kemerovo"]
[Date "1995.??.??"]
[Round "9"]
[White "Aseev, Konstantin N"]
[Black "Nielsen, Peter Heine"]
[Result "1-0"]
[WhiteElo "2530"]
[BlackElo "2500"]
[Annotator "Belov,I"]
[PlyCount "75"]
[EventDate "1995.08.??"]
[EventType "tourn"]
[EventRounds "11"]
[EventCountry "RUS"]
[EventCategory "12"]
[SourceTitle "CBM 050"]
[Source "ChessBase"]
[SourceDate "1996.02.01"]
[SourceVersion "1"]
[SourceVersionDate "1996.02.01"]
[SourceQuality "1"]

1. d4 Nf6 2. c4 g6 3. g3 Bg7 4. Bg2 d5 5. cxd5 Nxd5 6. e4 Nb6 7. Ne2 O-O 8.
Nbc3 (8. O-O Nc6 (8... Na6 9. Nbc3 c5 10. d5 e6 11. h3 Re8 12. Nb5 exd5 13.
exd5 Bd7 14. Nec3 $14 {Aseev,K-Neverov,V/St Peterburg op/1995/1:0/38/}) 9. d5
Na5 10. Nbc3 c6 11. b3 cxd5 12. exd5 Bg4 13. f3 Bd7 14. Ba3 $1 Re8 15. Rc1 $14
{Obukhov,A-Kotsur,P/Kurgan/1994/0,5/28/}) 8... Bg4 (8... Nc6 $5 9. d5 Na5 10.
a4 (10. O-O c6 11. b3 $6 cxd5 12. exd5 Bg4 $1 13. Bd2 e6 14. dxe6 Nc6 $1 $15 {
Ruban,V-Kozul,Z/Sibenik/1988/0:1/41/}) (10. b3 c6 11. Ba3 cxd5 12. exd5 Bg4 13.
f3 Bd7 14. O-O $14 {Goldin,A-Dvojris,S/Podolsk/1990/0,5/25/}) 10... c5 11. O-O
c4 12. Be3 e6 13. h3 (13. dxe6 Bxe6 14. Nf4 $14) 13... exd5 14. exd5 Bf5 $13 {
Nikolic,Pr-Kozul,Z/Belgrade/1989/0:1/43/}) 9. f3 Bc8 (9... Bd7 10. O-O e5 11.
dxe5 Bxe5 12. Bh6 Bg7 13. Qc1 Nc6 $10 {Petrosian,A-Hachian,A/URS/1991/}) 10.
O-O Nc6 (10... e5 11. d5 (11. dxe5 Bxe5 12. Bh6 Bg7 13. Qc1 Nc6 14. Rd1 Qe7 $10
) 11... c6 12. Be3 cxd5 13. exd5 $14) 11. d5 Na5 12. b3 c6 13. dxc6 (13. Ba3
cxd5 14. exd5 Bd7 15. Rc1 $14) 13... Nxc6 14. Be3 Be6 (14... e5 $5 15. Bc5 Re8
16. Nb5 Bf8 $10) 15. Rc1 Rc8 $6 (15... Qxd1 16. Rfxd1 Rad8 17. Nb5 Nc8 18. Nf4
$14) 16. Nb5 $1 $16 Bd7 (16... a6 $2 17. Qxd8 Rfxd8 18. Bxb6 $18) (16... Qxd1
17. Rfxd1 Rfd8 18. Nxa7 Nxa7 19. Bxb6 $16) 17. Qd2 a6 18. Nbc3 (18. Bxb6 $2
Qxb6+) 18... e6 (18... Na8 19. Rfd1 Be6 20. Nd5 $16) 19. Rfd1 Qc7 20. Qd6 $1
Be5 $8 21. Qxc7 Bxc7 22. Na4 $1 Nxa4 $8 23. Rxd7 Bb6 (23... Nb6 24. Rxc7 Rxc7
25. Bxb6 $18) 24. Bxb6 Nxb6 25. Rxb7 Nd4 26. Re1 (26. Rxc8 Nxe2+ 27. Kf2 Rxc8
28. Rxb6 Rc2 $132) 26... Nxe2+ 27. Rxe2 Rb8 28. Ra7 Ra8 29. Rxa8 Rxa8 30. Rc2
a5 31. Bf1 a4 (31... Kf8 32. Rc6 Nd7 $16) 32. b4 a3 33. Kf2 Ra4 34. b5 Rb4 35.
Ke3 Kg7 36. Rc3 $18 Ra4 37. Rc6 Nd7 38. Ra6 1-0

[Event "Platonov Memorial"]
[Site "Kiev"]
[Date "1995.??.??"]
[Round "7"]
[White "Mochalov, Evgeny Veniaminovic"]
[Black "Boric, Muhamed"]
[Result "0-1"]
[WhiteElo "2470"]
[BlackElo "2435"]
[Annotator "Boric,M"]
[PlyCount "126"]
[EventDate "1995.??.??"]
[EventType "tourn"]
[EventRounds "13"]
[EventCountry "UKR"]
[EventCategory "10"]
[SourceTitle "CBM 051"]
[Source "ChessBase"]
[SourceDate "1996.04.01"]
[SourceVersion "1"]
[SourceVersionDate "1996.04.01"]
[SourceQuality "1"]

1. d4 Nf6 2. c4 g6 3. g3 Bg7 4. Bg2 d5 5. cxd5 Nxd5 6. e4 Nb6 7. Ne2 O-O 8. O-O
c5 9. d5 e6 10. Nec3 (10. Nbc3 Na6 11. Nf4 exd5 (11... e5 12. Nd3 Nc4 13. Qe2
Nd6 14. f4 $14 {Petrosian,A-Lin,Weiguo/Shenzhen/1992/1:0/39/}) 12. Nfxd5 Be6
13. Bf4 Bxd5 14. exd5 c4 $1 15. Qd2 Nc5 16. d6 Qd7 17. Rfe1 Rfe8 18. Bf1 Qf5 $1
$10 {Vaganian,R-Ye,J/Moscow olm/1994/0,5/35/}) 10... Na6 11. a4 Nc4 {N/} (11...
exd5 12. exd5 Bf5 13. Na3 Nb4 14. Be3 Rc8 15. Qd2 a5 16. Bh6 (16. Rfd1 Bd3 17.
b3 Re8 18. Rac1 $13 {Vaganian,R-Ftacnik,L/Naestved/1985/1:0/46/}) 16... Bd3 17.
Rfe1 Bxh6 $1 18. Qxh6 N6xd5 19. Nxd5 Nxd5 20. Rad1 Nb4 $1 $10 {Hellers,
F-Ftacnik,L/Biel izt/1993/0,5/38/}) 12. Na3 (12. b3 Nd6 13. Bf4 (13. Ra2 Nb4
14. Rd2 e5 $10) (13. dxe6 Bxe6 14. Bf4 Nc8 15. Qe2 Nb4 16. Rd1 Qe7 $10) 13...
e5 14. Be3 f5 $132) 12... Nxa3 13. Rxa3 Nb4 14. a5 exd5 15. Nxd5 (15. exd5 Bf5
16. Bf4 Nd3 $132) 15... Be6 16. Be3 (16. Nxb4 cxb4 17. Ra1 Rc8 $15) 16... Bxd5
17. exd5 (17. Bxc5 Bc4 18. Bxb4 (18. Bxf8 Qxf8 $19) 18... Bxf1 19. Qxf1 (19.
Bxf8 Bxf8 $19) 19... Re8 $17) 17... Qd6 18. Qd2 Rad8 19. Rc1 b6 20. axb6 axb6
$10 21. Rd1 Rd7 22. Bf4 (22. h4 $142) 22... Be5 23. Bxe5 $6 Qxe5 24. Re3 Qd6
$15 25. Qe2 Rfd8 26. Bh3 (26. h4 h5 27. Kh2 $15) 26... Ra7 27. Re8+ $6 Rxe8 28.
Qxe8+ Kg7 29. Qe3 Re7 30. Qf4 Re5 (30... Qxf4 31. gxf4 f5 32. d6 (32. Rd2 Rd7
33. d6 Nc6 $17) 32... Rd7 33. Bf1 Nc2 34. Bb5 Rd8 35. d7 Nd4 $17) 31. Bg2 Nc2
32. h4 Nd4 $17 33. Kh2 Qf6 34. Qxf6+ $8 (34. Qd2 Re2 $19) 34... Kxf6 35. b4 (
35. Ra1 Re2 36. Ra6 Rxb2 $19) 35... Re2 36. bxc5 bxc5 37. Kg1 Ke5 38. Rc1 $6 (
38. Kf1 Rc2 39. Ra1 $17) 38... Rc2 39. Ra1 Rc1+ $1 40. Rxc1 Ne2+ 41. Kf1 Nxc1
42. h5 Kd6 (42... gxh5 43. Bf3 h4 44. gxh4 f5 $19) 43. hxg6 hxg6 44. Ke1 Nd3+
45. Ke2 Nb4 46. Kd2 Nxd5 47. Kd3 Nb4+ 48. Kc4 Nc6 49. Kd3 $6 (49. f4 $5 Nd4 50.
Kd3 f5 51. Bb7 $17) 49... Ne5+ 50. Ke4 (50. Kc3 Ng4 51. f4 Ne3 52. Bf3 Nf1 53.
g4 Ne3 54. Kd3 Nd5 $19) 50... Ng4 $1 51. Kf3 $6 (51. f4 $32) 51... c4 $1 $19
52. Ke2 (52. Kxg4 c3 53. Be4 f5+ $19) 52... Ke5 53. Bc6 Nf6 54. Kd2 Kd4 55. f3
g5 56. Ke2 Nd5 57. Be8 f6 58. Bf7 Ne3 59. Bg6 f5 60. f4 g4 61. Be8 c3 62. Ba4
c2 63. Kd2 Nf1+ 0-1

[Event "USA-ch"]
[Site "Saint Louis"]
[Date "2014.05.11"]
[Round "4"]
[White "Lenderman, Aleksandr"]
[Black "Robson, Ray"]
[Result "1-0"]
[WhiteElo "2582"]
[BlackElo "2631"]
[Annotator "CB"]
[PlyCount "99"]
[EventDate "2014.05.08"]
[EventType "tourn"]
[EventRounds "11"]
[EventCountry "USA"]
[EventCategory "15"]
[SourceTitle "CBM 161"]
[Source "ChessBase"]
[SourceDate "2014.07.16"]
[SourceVersion "1"]
[SourceVersionDate "2014.07.16"]
[SourceQuality "1"]
[WhiteClock "0:31:30"]
[BlackClock "0:10:13"]

1. c4 Nf6 2. d4 g6 3. g3 Bg7 4. Bg2 d5 5. cxd5 Nxd5 6. e4 Nb6 7. Ne2 c5 8. d5
O-O 9. O-O e6 10. Nec3 Na6 11. Na3 ({In Beijing 2013 Ivanchuk beat Grischuk
with} 11. Bf4 exd5 12. exd5 Bf5 13. g4 Bd7 14. Nd2 Re8 15. Nde4 Nc4 16. d6 Bc6
17. Qb3 Na5 18. Qd1 Nc4 19. b3 Ne5 20. Nd5 Bxd5 21. Qxd5 Nb4 22. Qxb7 Nxg4 23.
d7 Rf8 24. Nxc5 Qa5 25. Rac1 Be5 26. Bd2 Rab8 27. Qe4 Bxh2+ 28. Kh1 Nf6 29. Qd4
Nxd7 30. Nxd7 {1-0.}) 11... exd5 12. exd5 Bf5 13. Be3 Qd7 14. Qb3 Rfe8 $146 ({
Navara,D (2710)-Grandelius,N (2566) Reykjavik 2013 continued} 14... Rac8 15.
Nab5 Nb4 16. Bxc5 Rxc5 17. Qxb4 Rc4 18. Qa3 Ra8 19. d6 a6 20. Nc7 Rd8 21. Rad1
Bc2 22. Rc1 Bxc3 23. bxc3 Qxd6 24. Qxd6 Rxd6 25. Nb5 axb5 26. Rxc2 Na4 27. Rfc1
Rd7 28. Bf1 Rc5 29. c4 Rdc7 30. Bd3 bxc4 31. Rxc4 b6 32. Rxc5 Nxc5 33. Bb5 Ra7
34. Rc2 Ra5 35. Rb2 Na4 36. Bxa4 {draw.}) (14... Bd3) 15. Rfd1 Rxe3 {The idea
of Robson's novelty on move 14.} 16. fxe3 Nb4 17. Ne4 N4xd5 $2 (17... Bxe4 {
was definitely the better option for Black.}) 18. Nxc5 Qe7 19. Bxd5 Qxc5 20.
Bxf7+ {and with the exchange and a pawn in his pocket Lenderman did not let
Black get away with anything.} Kh8 21. Nc4 Rf8 22. Rac1 Bg4 23. Rf1 Nd7 24. Qa3
Bh3 25. Rf2 b5 26. Qxc5 Nxc5 27. Ne5 Ne4 28. Rf4 Bf5 29. Nxg6+ hxg6 30. Rh4+
Bh6 31. Rc7 g5 32. Rxh6+ Kg7 33. g4 Kxh6 34. gxf5 Rd8 35. Rc6+ Kg7 36. Bb3 Rd2
37. Re6 Nf6 38. e4 Rxb2 39. e5 Ng4 40. Re7+ Kh6 41. f6 Ne3 42. f7 Rg2+ 43. Kh1
Rf2 44. h3 g4 45. hxg4 Kg6 46. e6 Rf1+ 47. Kh2 Nxg4+ 48. Kg3 Nh6 49. Re8 Kg7
50. Rg8+ 1-0

[Event "GER-ch 74th"]
[Site "Saarbruecken"]
[Date "2002.11.28"]
[Round "7"]
[White "Dautov, Rustem"]
[Black "Gutman, Lev"]
[Result "0-1"]
[WhiteElo "2617"]
[BlackElo "2476"]
[Annotator "Dautov,R"]
[PlyCount "104"]
[EventDate "2002.11.22"]
[EventType "swiss"]
[EventRounds "9"]
[EventCountry "GER"]
[SourceTitle "CBM 093"]
[Source "ChessBase"]
[SourceDate "2003.04.01"]
[SourceVersion "1"]
[SourceVersionDate "2003.04.01"]
[SourceQuality "1"]

1. d4 Nf6 2. c4 g6 3. g3 Bg7 4. Bg2 d5 5. cxd5 Nxd5 6. e4 Nb4 7. a3 N4c6 8. d5
Nd4 9. Ne2 Nxe2 $2 {Eine dubiose Neuerung. Lev verfolgt eine Idee, die weiße
Kurzrochade zu verhindern, vernachlässigt aber dabei die Kontrolle über das
Zentrum. Gespielt wurde bisher 9...Bg4 und 9...c5.} (9... Bg4 10. Nbc3 Nf3+ $2
11. Kf1 Nd4 12. h3 Nxe2 13. Nxe2 Bc8 14. Qb3 c6 15. Be3 O-O 16. Kg1 b6 17. Kh2
Bb7 18. Rhd1 Qe8 19. Rac1 $16 {Akopian,V-Svidler,P/Haifa 1995}) (9... c5 10.
O-O O-O 11. Nxd4 cxd4 12. Nd2) 10. Qxe2 b6 11. Be3 Ba6 12. Qc2 (12. Qd2 $5 $14)
12... O-O 13. Nc3 {Weiß hat nichts dagegen , lang zu rochieren.} c5 $2 {
Mit diesem Zug vergrößert Schwarz seine Unterlegenheit im Zentrum. Besser war
die mit 13...c6 verbundene Abtauschstrategie.} (13... c6 14. O-O-O (14. Rd1 Qc8
$132) 14... Qc8 15. f4 (15. d6 $5) 15... cxd5 16. Nxd5 Qxc2+ 17. Kxc2 Rc8+ 18.
Kb1 Nc6 19. e5 $14 {, und Weiß hat in diesem Endspiel einen kleinen, aber
langfristigen Vorteil.}) 14. f4 $16 {/\e5} ({Mit} 14. Rd1 $5 Nd7 15. f4 $16 {
ließ sich die folgende schwarze Idee verhindern.}) 14... Bd4 $5 {Schwarz will
nicht nach e4-e5 erdrückt werden und beginnt ein Gegenspiel, das mit einem
Bauernopfer verbunden ist.} 15. Qd2 e5 16. dxe6 Nc6 {Objektiv gesehen ist das
Opfer nicht korrekt, aber Schwarz bekommt etwas Spiel dafür.} 17. exf7+ (17. e5
Na5 $1) 17... Rxf7 18. O-O-O $2 {Auf dem Damenflügel wird der König keine Ruhe
finden.} (18. e5 $5 Na5 19. Bd5 (19. Qf2 $2 Nc4 20. Bxd4 cxd4 $132) 19... Nc4
20. Qd3 Bxe3 21. Rd1 Bd4 22. Bxc4 Bxc4 23. Qxc4 Qe7 $16) ({Am besten war} 18.
Rd1 $1 {Der weiße König wird sich sehr wohl auf f2 fühlen.} Rd7 (18... Bxe3 19.
Qxe3 Nd4 20. Kf2 g5 21. e5 $18) 19. Nd5 Bxe3 20. Qxe3 Nd4 21. Kf2 Bb7 22. Rhe1
$18 {, und Weiß steht auf Gewinn.}) 18... Na5 19. Qf2 Qe8 $1 20. Nd5 $2 {
Ich unterschätzte die gegnerischen Angriffsresourcen.} ({Stärker war} 20. e5 $1
Bxc3 21. Bxa8 Bxb2+ 22. Qxb2 Qxa8 23. Rhe1 $18) 20... Bc4 $1 {Sehr
erfinderisch! Gutman plant u. U. Bc4-a2 nebst Nb3+ und Qa4.} 21. Bxd4 (21. Kb1
$4 Bxd5 $19) (21. Rhe1 Ba2 $40) 21... cxd4 22. Kb1 d3 {Schwarz bekam eindeutig
Gegenspiel, sein Bauer d3 ist lästig und es droht die Überführung der
schwarzen Dame nach b3.} 23. b4 $1 ({Hier war 23.e5 bereits schlecht.} 23. e5
$2 Rd8 24. Nf6+ Rxf6 25. exf6 Bb3 $40) (23. Ne3 $5) 23... Rb8 $2 {Nach seinem
Bauernopfer hat Lev energisch und stark gespielt, aber mit dem Textzug macht
er einen Fehler.} (23... Bxd5 $2 24. exd5 Nc4 25. Rxd3 $18) (23... Nb3 24. Qb2
$1 (24. e5 $2 Rd8 25. Nf6+ Rxf6 26. exf6 d2 $40) 24... Qa4 (24... a5 $2 25.
Nxb6 $18) 25. Ne3 b5 26. h4 $1 a5 27. h5 $40) ({Richtig war} 23... Qa4 $1 {
Ich plante} 24. Nc3 $1 (24. e5 $2 Rc8 $40) (24. bxa5 $2 bxa5 25. Qb2 Rb7 $19) (
24. Ne3 d2 $1 (24... Qxa3 25. Qb2 $18) 25. Qxd2 Qxa3 26. bxa5 (26. Ng4 Rc7)
26... Qb3+ $1 27. Qb2 (27. Ka1 Qa3+ $11) 27... Qxe3 $44) 24... Qxa3 25. Qb2
Qxb2+ 26. Kxb2 Nc6 27. e5 Rc8 28. Ne4 {, aber das entstehende Endspiel ist
sehr unklar:} Nxb4 29. Nd6 Rc5 30. Nxf7 Kxf7 $13) 24. e5 $2 {Ein schrecklicher
Patzer! Über den schlechten gegnerischen Zug sehr erleichtert, habe ich
vollkommen vergessen, daß der Bauer f4 gefesselt ist.} ({Leicht gewann} 24. Qb2
Bxd5 25. exd5 Nc4 26. Qc3 Ne3 27. Rde1 $18) 24... Qxe5 25. fxe5 $4 {Der
Schreck über das Geschehene war so groß, daß ich nicht imstande war, die
Stellung klar einzuschätzen. Außerdem wurde meine Bedenkzeit knapp, und so
beschloß ich, eine "Rettung" im Endspiel zu suchen. Für die Rettungssuche war
es jedoch noch viel zu früh, denn nach 25.Rhe1! stünde Weiß immer noch klar
besser, wenn nicht auf Gewinn.} (25. Rhe1 $1 Qd6 (25... Qg7 26. Qb2 Qxb2+ (
26... Nb3 27. Ne3 d2 28. Nxc4 dxe1=Q 29. Rxe1 $16) 27. Kxb2 Rd8 28. bxa5 Bxd5
29. Rxd3 $16) 26. Qd4 Rd8 27. Re5 $1 (27. Ne7+ $4 Qxe7) 27... Bb3 (27... Nc6
28. Qxc4 Nxe5 29. fxe5 Qxe5 30. Rxd3 $16) 28. Rxd3 Nc6 29. Qc3 $16) 25... Rxf2
{Nun wendet sich das Blatt endgültig.} 26. Nf6+ $138 Kg7 27. Bd5 Rd8 28. bxa5
Bxd5 29. Nxd5 Rxd5 30. axb6 axb6 31. Rhe1 Re2 $1 $19 {Dieser starke Zug
besiegelt das Schicksal des Weißen. Der Rest ist leicht verständlich.} 32. h4
Rdxe5 33. Rf1 R5e3 34. g4 Rh2 35. Rh1 Rxh1 36. Rxh1 Kf6 37. Kc1 Ke5 38. Kd2 Kd4
39. Rb1 Re2+ 40. Kd1 Rh2 41. Rxb6 Rxh4 42. a4 Rh1+ 43. Kd2 Rh2+ 44. Kd1 Ra2 45.
Rb7 Ke3 46. Re7+ Kf4 47. Rxh7 Rxa4 48. g5 Ra5 49. Rh4+ Ke3 50. Rh3+ Kd4 51. Kd2
Ra2+ 52. Kd1 Kc3 0-1

[Event "Bundesliga 0001"]
[Site "Germany"]
[Date "2001.01.28"]
[Round "7.1"]
[White "Dautov, Rustem"]
[Black "Hracek, Zbynek"]
[Result "0-1"]
[WhiteElo "2606"]
[BlackElo "2612"]
[Annotator "Dautov,R"]
[PlyCount "176"]
[EventDate "2000.10.14"]
[EventType "team-tourn"]
[EventRounds "15"]
[EventCountry "GER"]
[SourceTitle "CBM 081"]
[Source "ChessBase"]
[SourceDate "2001.03.20"]
[SourceVersion "1"]
[SourceVersionDate "2001.03.20"]
[SourceQuality "1"]
[WhiteTeam "Godesberg"]
[BlackTeam "Werder Bremen"]
[WhiteTeamCountry "GER"]
[BlackTeamCountry "GER"]

1. d4 Nf6 2. c4 g6 3. g3 Bg7 4. Bg2 d5 5. cxd5 Nxd5 6. e4 Nb4 7. d5 O-O ({
Zu einem scharfen Spiel führt} 7... c6 8. a3 Qa5) 8. Ne2 ({Eine andere,
aussichtsreichere Idee ist die Entwicklung dieses Springers auf f3:} 8. a3 N4a6
9. Nf3 c6 10. O-O cxd5 11. exd5 Nd7 (11... Nc7 12. Nc3 Ne8 13. Re1 Nd6 14. Bg5
Re8 15. Qe2 Bg4 16. Ne4 {Djuric,S-Kudrin,S/New York 1989}) 12. Nc3 Nb6 13. Re1
Nc7 14. Ne5 Ne8 15. Bf4 Nd6 16. Qe2 Re8 17. Rad1 Bd7 18. h4 h5 19. Kh2 a6 20.
Ne4 $14 {Fedorowicz,J-Kudrin,S/USA (ch) 1989}) 8... c6 9. a3 N4a6 10. Nbc3 cxd5
11. exd5 Nd7 12. O-O Ne5 $1 {Der Springer wird auf das ideale Feld d6
überführt.} 13. h3 (13. Bf4 Nc5 14. b4 Ncd3 15. Be3 Nb2 16. Qb3 Nbc4 17. Bf4
Nd6 18. Rad1 Bg4 19. h3 Bf3 $11 {Euwe,M-Barcza,G/Venice 1948}) (13. b3 Bg4 14.
f3 Qb6+ 15. Kh1 Bf5 $11) 13... Nc4 $1 14. b3 Nd6 $11 {Schwarz hat eine
harmonische Blockadestellung erreicht. Seine Figuren koordinieren sehr gut
während Weiß einige Schwierigkeiten mit seinen anfälligen Damenflügelbauern
hat.} 15. Be3 (15. Bf4 Bd7 16. Rc1 Qa5 17. Nb1 Rfc8 $11 {Zaichik,G-Kudrin,S/
Philadelphia 1993}) 15... Bd7 (15... Nf5 $5 16. Bf4 Bd7 $11) 16. Bd4 Bxd4 17.
Qxd4 $6 ({Deutlich besser war} 17. Nxd4 $1 Qb6 $1 (17... Qc8 18. Qe1 Re8 (18...
Bxh3 19. Bxh3 Qxh3 20. Qxe7 $14) 19. Kh2 Qc5 20. Qe3 $11) 18. Re1 Rfe8 19. Re3
Rac8 $11 {mit einer ausgeglichenen Stellung.}) 17... Qb6 $1 $146 {Dies ist
noch besser als das bereits gespielte 17...Nf5. Schwarz strebt ein
aussichtsreiches Endspiel an.} (17... Nf5 18. Qd2 Qb6 $11 {Goldin,A-Krasenkov,
M/USSR 1987}) 18. Qxb6 ({Es war im jeden Fall klüger, dem Endspiel
auszuweichen:} 18. Qe5 $1 Rfe8 19. Nd4 (19. b4 Rac8 20. Rfc1) 19... Rac8 20.
Nce2 $11) 18... axb6 19. Nd4 Rfc8 20. Rfc1 Nc5 $15 {/\Nd3 Schwarz hat sich
einen kleinen Vorteil erspielt: alle seine Figuren stehen optimal, die weißen
Bauern a3 und b3 sind schwach, und das typische Spiel von Weiß- der Druck
gegen e7- bleibt vollständig aus.} 21. Nce2 Bb5 $1 {Eine richtige Entscheidung,
Springer sind in dieser Stellung mehr Wert als Läufer.} 22. Bf1 Bxe2 23. Bxe2
Nce4 {><d5} 24. a4 {Weiß hat Probleme mit seinem schwachen Bauern d5.} ({
Kaum besser war} 24. Bf3 Rxc1+ 25. Rxc1 Rxa3 26. Bxe4 Nxe4 27. Re1 (27. Rc7
Ra1+ 28. Kg2 Rd1 29. Nf3 Nd6 30. Rxe7 Rxd5 $17) 27... Nd6 (27... f5 $2 28. f3
$11) 28. Rxe7 Ra5 $1 29. Re5 f6 (29... Kf8 $2 30. Nf3 Rb5 31. Nd2 $11) 30. Re7
Rxd5 31. Ne6 Re5 $1 $17 {, und die Fesselung ist sehr läßtig.}) 24... Nc3 25.
Bf3 Rc5 $1 26. Ne2 {Der Materialverlust ist nicht zu vermeiden.} Nxe2+ 27. Bxe2
Rxd5 28. Rc7 Kf8 29. Rac1 Raa5 $1 $17 30. Bf3 Rdc5 31. R1xc5 bxc5 (31... Rxc5
32. Rxc5 bxc5 33. a5 $1 {/\Bxb7} c4 $1 34. bxc4 Nxc4 35. Bxb7 Nxa5 $17) 32.
Bxb7 $1 Ra7 33. a5 Rxa5 $1 (33... Nxb7 $2 34. a6 Rxa6 35. Rxb7 $15 {
erleichtert Weiß die Verteidigung.}) 34. Bf3 Ke8 35. Bc6+ Kf8 36. Bf3 Rb5 {
Die letzten Züge wurden in gegenseitiger Zeitnot gespielt. Dabei verpaßt
Hracek die Möglichkeit, sich mit g6-g5 die besseren Voraussetzungen für das
bevorstehende Endspiel "4 gegen 3" zu schaffen.} (36... g5 $1 $17) 37. Kg2 Rxb3
38. Rxc5 f6 39. h4 h5 40. Ra5 Rb5 41. Ra8+ Kg7 42. Ra7 Kf7 43. Bc6 Rc5 44. Bf3
f5 45. Ra6 Kf6 46. Ra4 Rc2 47. Rd4 Nf7 48. Ra4 Rd2 49. Ra6+ Nd6 50. Bc6 $1 {
Diese Verteidigungsaufstellung ist sehr effektiv, da Weiß den schwachen Pg6 
(den Schwarz natürlich nicht mit g6-g5 abtauschen will) angreifen kann.} e5 51.
Kf1 Rd4 52. Be8 $1 $15 Kg7 53. Ra7+ Kf6 54. Ra6 e4 55. Ke2 Rd5 56. Bc6 Rd4 57.
Be8 Kg7 58. Ra7+ Kh6 59. Re7 Nc8 $1 {Die einzige Möglichkeit, weiter auf
Gewinn zu spielen, das reine Turmendspiel ist natürlich totremislich.} 60. Rc7
(60. Rd7 Rc4 $1 $15 (60... Rxd7 $2 61. Bxd7 Nd6 62. f3 $11)) 60... Rd8 61. Bc6
Nb6 62. f3 exf3+ 63. Bxf3 {Nach dem Abtausch der Bauern sollte für Weiß das
Remishalten eigentlich kein Problem sein, aber die Schnellschachphase hat ihre
eigenen Gesetze.} Rd4 64. Ke3 Ra4 65. Rc3 Rb4 66. Bc6 Rg4 67. Kf2 Nc4 (67... f4
68. gxf4 Rxh4 69. Kg3 $11) 68. Bd5 Ne5 69. Re3 Nd7 70. Re7 Nf6 71. Bf3 Rd4 72.
Rf7 Rd6 73. Ra7 Nd7 74. Ke3 Nc5 75. Rc7 $6 (75. Re7 $1 $11) 75... Re6+ {
Dieses Schach war eine Überraschung für mich. Und anstatt den einzigen Zug 76.
Kd4! zu finden griff ich bei knapper Zeit fehl.} 76. Kf2 $2 (76. Kd4 $8 Ne4 77.
Kd5 $1 (77. Bxe4 $2 Rxe4+ 78. Kd5 Re3 $19) 77... Rd6+ (77... Re8 78. Bxe4 Rxe4
(78... fxe4 79. Rc2 Kg7 80. Re2 e3 81. Kd4 $11) 79. Rc3 Rg4 80. Ke5 $11) 78.
Ke5 Rd3 79. Bxe4 fxe4 80. g4 $1 hxg4 81. Kxe4 Rf3 82. Rc5 Rf5 83. Rc7 Rf1 (
83... g3 84. Rc3 $11) 84. Rc5 g3 85. Rg5 $11) 76... Nd3+ 77. Kg2 Re3 $19 {
Nun verliert Weiß den zweiten Bauern und die Partie.} 78. Bd5 (78. Bb7 f4 79.
gxf4 Nxf4+ 80. Kf2 Rh3 81. Bc8 Rxh4 82. Kg3 g5 83. Bf5 (83. Rc6+ Kg7 84. Rc5
Kf6 85. Rc6+ Ke5 86. Rc5+ Nd5 87. Bb7 Rd4 $19) 83... Ne2+ 84. Kg2 g4 $19) 78...
f4 79. Bg8 Rxg3+ 80. Kh2 g5 81. hxg5+ Kxg5 82. Bc4 Ne5 83. Bd5 Ng4+ 84. Kh1 Rd3
85. Bf7 f3 86. Rc1 Re3 87. Bc4 Ne5 88. Bd5 Ng4 0-1